00443cam a2200169ua 4500001000400000008003900004020001800043040000900061082001200070245006900082250000900151260004100160300002000201653002300221653001200244700001700256460110406n ii |||gr||||Z||||||eng a0-7069-0365-x cMAIN a320.513 aModern political theory. : bcritical study. / cBy S. P. Varma. a1st. aNew Delhi.:bVikash publishing.,976. ax, 447 p.:6 cm. aPolitical science. aTheory.1 aVarma, S P.,